| 000 | 00433nam a22001697a 4500 | ||
|---|---|---|---|
| 003 | CEME | ||
| 005 | 20210628210709.0 | ||
| 008 | 210211b xxu||||| |||| 00| 0 eng d | ||
| 020 | _a1-56276-576-0 | ||
| 040 | _c. | ||
| 082 | _a005.133-VB APP | ||
| 100 |
_aAppleman, Dan _980600 |
||
| 245 | _aDeveloping com-activex components with visual basic 6 | ||
| 260 |
_aUSA _bSAMS _c1999 |
||
| 650 |
_aCOM-ACTIVEX _980601 |
||
| 942 |
_cBK _2ddc |
||
| 999 |
_c585499 _d585499 |
||